000 00812nas a2200265 4500
001 BR9605032
003 BR-BrBNA
005 20231205095831.0
007 ta
008 230509b bl.|||p| |||| 00| 00por d
040 _aBR-BrBNA
_bpor
_cBiblioteca Nacional de Agricultura
041 _a(Pt)
072 _aQ03
100 1 _aMinim, V.P.R.
100 1 _aCecchi, H.M.
245 1 _aComparacao e adaptacao de metodos analiticos para determinacao de BHA, BHT e PG em alimentos
650 _aAlimento
650 _aAntioxidante
650 _aToxidez
650 _aColorimetria
650 _aAnalise Quantitativa
773 0 _tCiencia e Tecnologia de Alimentos (Brazil)
_xISSN 0101-2061
_g(Jul-Dec 1995), v. 15(2) p. 150-154
_wBR9605032
909 _a202311
_bLúcia
_c55
_dLúcia Elande
942 _2AGRIS
_n0
_cANA
999 _c152966
_d152966